[Event "Yogyakarta Piala Raja 7th"]
[Site "Yogyakarta"]
[Date "2019.10.25"]
[Round "9"]
[White "Pramudhito, Agustinus Arko"]
[Black "Wahono, Awam"]
[Result "0-1"]
[WhiteElo "2112"]
[BlackElo "2293"]
[PlyCount "46"]
[EventDate "2019.10.21"]
[EventType "tourn"]
[EventRounds "9"]
[EventCountry "INA"]
[SourceTitle "CBM 192 Extra"]
[Source "Chessbase"]
[SourceDate "2019.11.06"]
[SourceVersion "1"]
[SourceVersionDate "2019.11.06"]
[SourceQuality "1"]

1. c4 Nf6 2. Nc3 e5 3. Nf3 d6 4. g3 Be7 5. Bg2 c6 6. 0-0 0-0 7. d4 Qc7 8. h3 e4 9. Ne1 d5 10. cxd5 cxd5 11. Bg5 Be6 12. Nc2 Nc6 13. Qd2 Rfd8 14. Rfc1 Rac8 15. Na4 b6 16. Kh2 Bd7 17. b3 h6 18. Be3 Ne8 19. Rab1 Nd6 20. f4 f5 21. Bf2 Nb5 22. b4 Qb7 23. a3 Qa6 0-1

[Event "Yogyakarta Piala Raja 7th"]
[Site "Yogyakarta"]
[Date "2019.10.24"]
[Round "8"]
[White "Wahono, Awam"]
[Black "Maulana, Muhammad Kahfi"]
[Result "1-0"]
[WhiteElo "2293"]
[BlackElo "2150"]
[PlyCount "84"]
[EventDate "2019.10.21"]
[EventType "tourn"]
[EventRounds "9"]
[EventCountry "INA"]
[SourceTitle "CBM 192 Extra"]
[Source "Chessbase"]
[SourceDate "2019.11.06"]
[SourceVersion "1"]
[SourceVersionDate "2019.11.06"]
[SourceQuality "1"]

1. Nf3 d5 2. g3 Nf6 3. Bg2 Bg4 4. d3 Nbd7 5. Bg5 e6 6. Nbd2 h6 7. Bxf6 Qxf6 8. c3 c6 9. Qc2 e5 10. e4 Bd6 11. b4 a5 12. b5 a4 13. bxc6 bxc6 14. h3 Be6 15. 0-0 0-0 16. c4 d4 17. Rab1 Ra7 18. Nh4 g6 19. Kh2 Qe7 20. Rb2 Ba3 21. Rbb1 Kh7 22. Qd1 Bd6 23. Kg1 Rb8 24. Qc2 Nc5 25. Rxb8 Bxb8 26. Rb1 Rb7 27. Nhf3 Bd6 28. h4 Qc7 29. Kh2 Qb8 30. Bh3 Bxh3 31. Kxh3 Rxb1 32. Nxb1 Qb4 33. h5 g5 34. Nh2 Qb6 35. Ng4 Kg7 36. Qd1 Qd8 37. Qf3 Na6 38. Qd1 Nc5 39. Qf3 Be7 40. Nd2 Nd7 41. Nf1 Nf6 42. Nxf6 Bxf6 1-0

[Event "Yogyakarta Piala Raja 7th"]
[Site "Yogyakarta"]
[Date "2019.10.23"]
[Round "6"]
[White "Wahono, Awam"]
[Black "Tunasly, Kifly"]
[Result "1-0"]
[WhiteElo "2293"]
[BlackElo "2278"]
[PlyCount "66"]
[EventDate "2019.10.21"]
[EventType "tourn"]
[EventRounds "9"]
[EventCountry "INA"]
[SourceTitle "CBM 192 Extra"]
[Source "Chessbase"]
[SourceDate "2019.11.06"]
[SourceVersion "1"]
[SourceVersionDate "2019.11.06"]
[SourceQuality "1"]

1. Nf3 d5 2. g3 e6 3. Bg2 f5 4. d3 Nf6 5. Nbd2 c6 6. c3 Bc5 7. e3 0-0 8. 0-0 Nbd7 9. b4 Bb6 10. c4 Kh8 11. a4 e5 12. a5 Bc7 13. cxd5 Nxd5 14. Qb3 N7f6 15. e4 fxe4 16. dxe4 Ne7 17. Ba3 Qe8 18. Qe3 a6 19. Rfe1 Qf7 20. Nc4 Ng6 21. h3 Nh5 22. Nb6 Bxb6 23. axb6 Re8 24. Bb2 h6 25. Ra5 Nf6 26. Nxe5 Nxe5 27. Rxe5 Rxe5 28. Bxe5 Be6 29. Rd1 Re8 30. Qf4 Bb3 31. Rd6 Re6 32. Rd8+ Re8 33. Rxe8+ Nxe8 1-0

[Event "Yogyakarta Istimewa op"]
[Site "Yogyakarta"]
[Date "2016.08.21"]
[Round "7"]
[White "Wahono, Awam"]
[Black "Anisa, Aay Aisyah"]
[Result "1-0"]
[WhiteElo "2353"]
[BlackElo "1990"]
[PlyCount "67"]
[EventDate "2016.08.18"]
[EventType "swiss"]
[EventRounds "9"]
[EventCountry "INA"]
[SourceTitle "EXT 2018"]
[Source "ChessBase"]
[SourceDate "2017.10.13"]
[SourceVersion "1"]
[SourceVersionDate "2017.10.13"]
[SourceQuality "1"]

1. Nf3 g6 2. g3 Bg7 3. Bg2 d6 4. c4 f5 5. d4 e6 6. 0-0 Nf6 7. b3 0-0 8. Bb2 Nbd7 9. Qc2 Qe7 10. Nbd2 Rb8 11. e4 fxe4 12. Nxe4 Nxe4 13. Qxe4 c5 14. Qe2 cxd4 15. Bxd4 Bxd4 16. Nxd4 Nc5 17. Rad1 Bd7 18. Rd2 Rf6 19. Qe3 b5 20. b4 Na6 21. Qa3 Rb6 22. cxb5 e5 23. Nc6 Qe8 24. Qb3+ Kg7 25. a4 Bxc6 26. Bxc6 Rxc6 27. bxc6 Qxc6 28. b5 Qb6 29. a5 Qb8 30. Rc1 Nc5 31. Rxc5 dxc5 32. Rd7+ Kh8 33. Qd5 Rf8 34. Rb7 1-0

[Event "Yogyakarta Istimewa op"]
[Site "Yogyakarta"]
[Date "2016.08.20"]
[Round "5"]
[White "Wahono, Awam"]
[Black "Cahyadi"]
[Result "1-0"]
[WhiteElo "2353"]
[BlackElo "1821"]
[PlyCount "58"]
[EventDate "2016.08.18"]
[EventType "swiss"]
[EventRounds "9"]
[EventCountry "INA"]
[SourceTitle "EXT 2018"]
[Source "ChessBase"]
[SourceDate "2017.10.13"]
[SourceVersion "1"]
[SourceVersionDate "2017.10.13"]
[SourceQuality "1"]

1. e4 d5 2. exd5 Qxd5 3. Nc3 Qd6 4. d4 Nf6 5. h3 c6 6. Nf3 Bf5 7. Ne5 e6 8. Bf4 Qb4 9. Nc4 Nd5 10. a3 Nxc3 11. axb4 Nxd1 12. Nb6 Bxc2 13. Nxa8 Bxb4+ 14. Bd2 Bxd2+ 15. Kxd2 Nxf2 16. Rg1 Bf5 17. Rxa7 Ne4+ 18. Ke3 Nd6 19. Nb6 Kd8 20. Nc4 Nxc4+ 21. Bxc4 Kc7 22. Ra8 Rd8 23. b4 Rd6 24. b5 Nd7 25. Rc1 Nb8 26. b6+ Kc8 27. Rf1 Bg6 28. g4 Rd8 29. h4 Bd3 1-0

[Event "Yogyakarta Istimewa op"]
[Site "Yogyakarta"]
[Date "2016.08.19"]
[Round "3"]
[White "Wahono, Awam"]
[Black "Nur, Icha"]
[Result "1/2-1/2"]
[WhiteElo "2353"]
[BlackElo "2107"]
[PlyCount "96"]
[EventDate "2016.08.18"]
[EventType "swiss"]
[EventRounds "9"]
[EventCountry "INA"]
[SourceTitle "EXT 2018"]
[Source "ChessBase"]
[SourceDate "2017.10.13"]
[SourceVersion "1"]
[SourceVersionDate "2017.10.13"]
[SourceQuality "1"]

1. Nf3 Nf6 2. g3 g6 3. Bg2 Bg7 4. d3 0-0 5. e4 d6 6. 0-0 e5 7. Nbd2 Nc6 8. h3 h6 9. Re1 Re8 10. c4 Nd7 11. Nb1 Nc5 12. Nc3 Ne6 13. Ne2 Ne7 14. d4 c5 15. dxe5 dxe5 16. Nc3 Nc6 17. Be3 Ned4 18. Nd5 Rf8 19. a3 Be6 20. Rb1 a5 21. Bxd4 Nxd4 22. b4 cxb4 23. axb4 Nc6 24. b5 Nb4 25. Qb3 Qd6 26. Nxb4 axb4 27. Qxb4 Qxb4 28. Rxb4 Rfc8 29. Rc1 Bf8 30. Rbb1 f6 31. Bf1 Ra2 32. Ne1 b6 33. Rc2 Rxc2 34. Nxc2 Bxc4 35. Bxc4+ Rxc4 36. Ne3 Rxe4 37. Nd5 Kf7 38. Nxb6 Rb4 39. Rxb4 Bxb4 40. Nc4 Ke6 41. b6 Bd6 42. Kg2 Bb8 43. b7 f5 44. g4 e4 45. f3 Kd5 46. Ne3+ Ke5 47. gxf5 gxf5 48. fxe4 Kxe4 1/2-1/2

[Event "Asian Continental op 15th"]
[Site "Tashkent"]
[Date "2016.05.26"]
[Round "1"]
[White "Wahono, Awam"]
[Black "Nguyen, Ngoc Truong Son"]
[Result "0-1"]
[WhiteElo "2346"]
[BlackElo "2636"]
[PlyCount "106"]
[EventDate "2016.05.26"]
[EventType "swiss"]
[EventRounds "9"]
[EventCountry "UZB"]
[SourceTitle "CBM 172 Extra"]
[Source "ChessBase"]
[SourceDate "2016.06.21"]
[SourceVersion "1"]
[SourceVersionDate "2016.06.21"]
[SourceQuality "1"]

1. e4 e5 2. Nf3 Nc6 3. Bb5 a6 4. Ba4 Nf6 5. d3 Bc5 6. 0-0 b5 7. Bb3 d6 8. Be3 Bb6 9. c3 0-0 10. Nbd2 h6 11. Re1 Bxe3 12. fxe3 Na5 13. Bc2 c5 14. Nf1 Nc6 15. Ng3 g6 16. Qd2 Kg7 17. a3 Be6 18. Kh1 Qc7 19. Rf1 Rad8 20. h3 Qe7 21. Qf2 Nh7 22. d4 Na5 23. Nd2 Nc4 24. b4 Qg5 25. Nxc4 Bxc4 26. Rfd1 h5 27. Nf1 Bxf1 28. Rxf1 cxd4 29. cxd4 Rc8 30. a4 Rc3 31. axb5 axb5 32. Ra5 Qxe3 33. Qxe3 Rxe3 34. dxe5 dxe5 35. Rxb5 Re8 36. Rc5 Nf6 37. Rc4 Rb8 38. Kg1 h4 39. Rb1 Nh5 40. Bd1 Nf4 41. Kf2 Rd3 42. Bf3 Rd2+ 43. Kg1 Rb5 44. Rc7 Rd4 45. Re7 Kf6 46. Ra7 Rdxb4 47. Rxb4 Rxb4 48. Ra6+ Kg5 49. Ra5 f6 50. Rc5 Rb1+ 51. Kh2 Rb2 52. Rc3 Rd2 53. Kg1 Rd3 0-1

[Event "Jakarta Indonesia op 3rd"]
[Site "Jakarta"]
[Date "2013.10.16"]
[Round "10"]
[White "Wahono, Awam"]
[Black "Emperado, Emmanuel"]
[Result "0-1"]
[WhiteElo "2376"]
[BlackElo "2297"]
[PlyCount "56"]
[EventDate "2013.10.10"]
[EventType "swiss"]
[EventRounds "11"]
[EventCountry "INA"]
[SourceTitle "EXT 2014"]
[Source "ChessBase"]
[SourceDate "2013.11.20"]
[SourceVersion "1"]
[SourceVersionDate "2013.11.20"]
[SourceQuality "1"]

1. e4 c5 2. c4 Nc6 3. Nc3 g6 4. g3 Bg7 5. Bg2 d6 6. h3 e5 7. d3 Nge7 8. Nge2 0-0 9. 0-0 h6 10. a3 f5 11. Rb1 a5 12. Nd5 Nxd5 13. cxd5 Nd4 14. Nxd4 exd4 15. exf5 Bxf5 16. g4 Bd7 17. Be4 Qh4 18. Kg2 h5 19. f3 hxg4 20. fxg4 Rxf1 21. Qxf1 Bxg4 22. hxg4 Be5 23. Bf4 Qxg4+ 24. Kf2 Rf8 25. Qg2 Qxf4+ 26. Ke1 g5 27. Qh1 Qe3+ 28. Kd1 Rf2 0-1

[Event "Jakarta Indonesia op 3rd"]
[Site "Jakarta"]
[Date "2013.10.13"]
[Round "5"]
[White "Suyud, Hartoyo"]
[Black "Wahono, Awam"]
[Result "1/2-1/2"]
[WhiteElo "2226"]
[BlackElo "2376"]
[PlyCount "105"]
[EventDate "2013.10.10"]
[EventType "swiss"]
[EventRounds "11"]
[EventCountry "INA"]
[SourceTitle "CBM 156 Extra"]
[Source "ChessBase"]
[SourceDate "2013.10.22"]
[SourceVersion "1"]
[SourceVersionDate "2013.10.22"]
[SourceQuality "1"]

1. d4 d5 2. c4 c6 3. cxd5 cxd5 4. Nc3 Nf6 5. Nf3 Nc6 6. Bf4 e6 7. e3 Be7 8. Bd3 0-0 9. 0-0 Nh5 10. Be5 g6 11. Rc1 f6 12. Bg3 f5 13. Be5 a6 14. Na4 Rf7 15. a3 Bf8 16. Qb3 h6 17. Qb6 Qe7 18. Nc5 g5 19. Bg3 Nxg3 20. hxg3 Qc7 21. Qxc7 Rxc7 22. b4 Bd6 23. Bb1 g4 24. Nd2 b6 25. Nd3 Bb7 26. Nf4 Rac8 27. Bd3 Nb8 28. Rxc7 Rxc7 29. Nb1 Kf7 30. Ne2 Bc8 31. f3 gxf3 32. gxf3 Be7 33. Kf2 Nd7 34. Nbc3 b5 35. e4 Nb6 36. Rh1 Kg7 37. Rh5 Bf6 38. exd5 exd5 39. Bxf5 Bxf5 40. Rxf5 Rxc3 41. Rxf6 Kxf6 42. Nxc3 Ke6 43. Ke2 h5 44. Kf2 Nc4 45. a4 a5 46. axb5 axb4 47. Na4 Kd6 48. g4 hxg4 49. fxg4 b3 50. g5 b2 51. Nxb2 Nxb2 52. g6 Kc7 53. b6+ 1/2-1/2

[Event "Asian Continental op 11th"]
[Site "Ho Chi Minh City"]
[Date "2012.05.12"]
[Round "8"]
[White "Wahono, Awam"]
[Black "Cao, Sang"]
[Result "0-1"]
[WhiteElo "2405"]
[BlackElo "2513"]
[PlyCount "100"]
[EventDate "2012.05.05"]
[EventType "swiss"]
[EventRounds "9"]
[EventCountry "VIE"]
[SourceTitle "CBM 148 Extra"]
[Source "ChessBase"]
[SourceDate "2012.06.22"]
[SourceVersion "1"]
[SourceVersionDate "2012.06.22"]
[SourceQuality "1"]

1. e4 c5 2. Nf3 Nc6 3. Bb5 g6 4. 0-0 Bg7 5. Re1 Nf6 6. c3 0-0 7. d4 cxd4 8. cxd4 d5 9. e5 Ne4 10. Nc3 Nxc3 11. bxc3 Bg4 12. a4 Na5 13. Ba3 Rc8 14. h3 Bf5 15. Bb4 Nc4 16. Nd2 a5 17. Ba3 Nxa3 18. Rxa3 Rc7 19. c4 b6 20. f4 Be6 21. cxd5 Bxd5 22. Rd3 Qb8 23. Rg3 e6 24. Bd3 f5 25. Be2 Rfc8 26. Nf3 Rc3 27. Kh2 Bh6 28. Ng5 Rxg3 29. Kxg3 Bxg5 30. fxg5 f4+ 31. Kxf4 Bxg2 32. Qd3 Bd5 33. Qa3 Rf8+ 34. Kg3 Qd8 35. Qe3 Rf5 36. Bg4 Rf7 37. Rb1 Kg7 38. Rc1 Qd7 39. Ra1 Qc6 40. Qc1 Qe8 41. Qe3 b5 42. axb5 Qxb5 43. Rc1 a4 44. Kh4 Qa5 45. Rc5 Qd8 46. Kg3 a3 47. Qxa3 Qxg5 48. Qc1 Rf3+ 49. Kh2 Rf2+ 50. Kg1 Rd2 0-1

[Event "Asian Continental op 11th"]
[Site "Ho Chi Minh City"]
[Date "2012.05.06"]
[Round "2"]
[White "Wahono, Awam"]
[Black "Tran, Tuan Minh"]
[Result "1/2-1/2"]
[WhiteElo "2405"]
[BlackElo "2266"]
[PlyCount "90"]
[EventDate "2012.05.05"]
[EventType "swiss"]
[EventRounds "9"]
[EventCountry "VIE"]
[SourceTitle "CBM 148 Extra"]
[Source "ChessBase"]
[SourceDate "2012.06.22"]
[SourceVersion "1"]
[SourceVersionDate "2012.06.22"]
[SourceQuality "1"]

1. Nf3 d5 2. c4 c6 3. b3 Bf5 4. Bb2 e6 5. g3 Nf6 6. Bg2 h6 7. 0-0 Be7 8. d3 0-0 9. Nbd2 a5 10. a3 Bh7 11. Qc2 Qb6 12. Rac1 Nbd7 13. Qb1 Rfc8 14. Qa1 Ne8 15. Rc2 Bf6 16. Rfc1 Bxb2 17. Qxb2 Nef6 18. h3 Re8 19. Nh2 e5 20. cxd5 cxd5 21. e4 Rad8 22. Nhf1 Nf8 23. Ne3 Ne6 24. exd5 Nd4 25. Ndc4 Qa7 26. Qc3 Nxc2 27. Rxc2 e4 28. dxe4 Nxe4 29. Qxa5 Qd4 30. Kh2 b5 31. Qxb5 Nc3 32. Rxc3 Qxc3 33. d6 Qe1 34. Ng4 Be4 35. Qc5 Bxg2 36. Kxg2 Qe4+ 37. Kh2 Qb7 38. Nge5 f6 39. Nc6 Rc8 40. Qd5+ Qf7 41. d7 Qxd5 42. dxc8Q Kf8 43. Qb7 Qf3 44. Qb4+ Kg8 45. Ne7+ Rxe7 1/2-1/2

[Event "Asian Continental op 11th"]
[Site "Ho Chi Minh City"]
[Date "2012.05.05"]
[Round "1"]
[White "Adhiban, Baskaran"]
[Black "Wahono, Awam"]
[Result "1-0"]
[WhiteElo "2555"]
[BlackElo "2405"]
[PlyCount "95"]
[EventDate "2012.05.05"]
[EventType "swiss"]
[EventRounds "9"]
[EventCountry "VIE"]
[SourceTitle "CBM 148 Extra"]
[Source "ChessBase"]
[SourceDate "2012.06.22"]
[SourceVersion "1"]
[SourceVersionDate "2012.06.22"]
[SourceQuality "1"]

1. e4 e5 2. Nf3 Nc6 3. Bb5 a6 4. Ba4 Nf6 5. 0-0 Be7 6. Re1 b5 7. Bb3 0-0 8. d4 d6 9. c3 Nd7 10. Nbd2 Bf6 11. Nf1 Na5 12. Bc2 c5 13. Ng3 g6 14. a4 Rb8 15. Bh6 Re8 16. dxc5 dxc5 17. axb5 axb5 18. Qc1 c4 19. Rd1 Qc7 20. Bg5 Bg7 21. Qd2 Nb7 22. Bh6 Bf6 23. Nf1 Nb6 24. Ne3 Be6 25. Ng5 Nc5 26. Nxe6 Rxe6 27. Ng4 Be7 28. Qe2 Nca4 29. Bxa4 Nxa4 30. Ne3 Nc5 31. Nd5 Qb7 32. Be3 Bf8 33. Qf3 Ra8 34. Rxa8 Qxa8 35. Nc7 Qc6 36. Nxe6 Nxe6 37. Rd5 Bg7 38. Qd1 h5 39. g3 Bf6 40. h4 Qb7 41. Kg2 b4 42. Qf3 bxc3 43. bxc3 Bg7 44. Ra5 Qb1 45. Ra8+ Nf8 46. Bc5 f6 47. Bxf8 Bxf8 48. Rc8 1-0

[Event "Jakarta Indonesia op 1st"]
[Site "Jakarta"]
[Date "2011.10.17"]
[Round "6"]
[White "Wahono, Awam"]
[Black "Dreev, Alexey"]
[Result "0-1"]
[WhiteElo "2379"]
[BlackElo "2711"]
[PlyCount "82"]
[EventDate "2011.10.13"]
[EventType "swiss"]
[EventRounds "9"]
[EventCountry "INA"]
[SourceTitle "EXT 2012"]
[Source "ChessBase"]
[SourceDate "2011.11.24"]
[SourceVersion "1"]
[SourceVersionDate "2011.11.24"]
[SourceQuality "1"]

1. Nf3 d5 2. g3 c6 3. Bg2 Bf5 4. d3 e6 5. 0-0 Nf6 6. b3 Be7 7. Bb2 0-0 8. Nbd2 a5 9. a3 h6 10. e3 c5 11. a4 Nc6 12. Ne5 Nb4 13. f4 Bh7 14. Kh1 Qc7 15. Nb1 Ne8 16. Na3 Nd6 17. Qg4 Bf6 18. Qe2 Rad8 19. Rad1 Qb6 20. e4 Rfe8 21. Ba1 Be7 22. Ng4 Bf8 23. Nf2 Nc6 24. Qe1 c4 25. bxc4 dxc4 26. dxc4 Qb4 27. Qc3 Qxa4 28. Ng4 e5 29. fxe5 Nxe4 30. Qf3 Ng5 31. Qf2 Rxd1 32. Rxd1 Bxa3 33. h4 Qxc2 34. Qxc2 Bxc2 35. Rd7 Ne6 36. Rxb7 Ncd4 37. Bd5 Nf5 38. Kg2 Bc5 39. Rb5 Bb4 40. Rb7 Be1 41. Rb2 Bd3 0-1

[Event "Jakarta Indonesia op 1st"]
[Site "Jakarta"]
[Date "2011.10.16"]
[Round "4"]
[White "Wahono, Awam"]
[Black "So, Wesley"]
[Result "0-1"]
[WhiteElo "2379"]
[BlackElo "2655"]
[PlyCount "70"]
[EventDate "2011.10.13"]
[EventType "swiss"]
[EventRounds "9"]
[EventCountry "INA"]
[SourceTitle "EXT 2012"]
[Source "ChessBase"]
[SourceDate "2011.11.24"]
[SourceVersion "1"]
[SourceVersionDate "2011.11.24"]
[SourceQuality "1"]

1. e4 c6 2. Nf3 d5 3. Nc3 Bg4 4. h3 Bxf3 5. Qxf3 Nf6 6. d3 e6 7. g3 Bb4 8. Bd2 Qb6 9. 0-0-0 d4 10. Nb1 Na6 11. c4 Qa5 12. a3 Bxd2+ 13. Nxd2 0-0 14. Nb3 Qb6 15. Kc2 Nc5 16. Nxc5 Qxc5 17. Bg2 Nd7 18. Qf4 e5 19. Qd2 a5 20. Ra1 b5 21. b4 Qa7 22. cxb5 cxb5 23. Rhc1 Rfc8+ 24. Kd1 Rc3 25. Rab1 Rac8 26. Bf3 axb4 27. axb4 Qa4+ 28. Ke1 Rxc1+ 29. Rxc1 Rxc1+ 30. Qxc1 Qxb4+ 31. Kf1 Qc3 32. Qb1 b4 33. Bd1 Nc5 34. Qa2 g6 35. Be2 Nxd3 0-1

[Event "Jakarta Indonesia op 1st"]
[Site "Jakarta"]
[Date "2011.10.13"]
[Round "1"]
[White "Fahmi, Jauhari"]
[Black "Wahono, Awam"]
[Result "0-1"]
[WhiteElo "2191"]
[BlackElo "2379"]
[PlyCount "128"]
[EventDate "2011.10.13"]
[EventType "swiss"]
[EventRounds "9"]
[EventCountry "INA"]
[SourceTitle "EXT 2012"]
[Source "ChessBase"]
[SourceDate "2011.11.24"]
[SourceVersion "1"]
[SourceVersionDate "2011.11.24"]
[SourceQuality "1"]

1. d4 Nf6 2. Nf3 g6 3. Bg5 Bg7 4. e3 0-0 5. Bd3 d6 6. h3 c5 7. c3 Nc6 8. 0-0 a6 9. Qe2 b6 10. Re1 Qc7 11. e4 e5 12. d5 Ne7 13. Qd2 Kh8 14. c4 Nfg8 15. Nc3 f6 16. Bh4 Bd7 17. a3 h6 18. b4 f5 19. Bxe7 Nxe7 20. Rab1 Rab8 21. Rb2 Rb7 22. bxc5 Qxc5 23. Reb1 Rfb8 24. Rb4 Qc7 25. a4 a5 26. Nb5 Bxb5 27. Rxb5 fxe4 28. Bxe4 Qxc4 29. Qe3 Nf5 30. Bxf5 gxf5 31. Qa3 Qc7 32. Rc1 Qe7 33. Rc6 Rd8 34. g3 Bf6 35. Rcxb6 Rxb6 36. Rxb6 e4 37. Nh4 Bxh4 38. gxh4 Qe5 39. Qb2 Qxb2 40. Rxb2 Kg7 41. Rb5 Kf6 42. f4 exf3 43. Kf2 Ra8 44. Kxf3 Ke5 45. Ke3 Rc8 46. Rxa5 Rc3+ 47. Kf2 Rxh3 48. Ra8 Rxh4 49. a5 Ra4 50. a6 Kxd5 51. a7 Ra3 52. Kg2 h5 53. Rf8 Rxa7 54. Rxf5+ Kc4 55. Rxh5 Rd7 56. Rh8 d5 57. Rc8+ Kd3 58. Kg1 d4 59. Ra8 Ke3 60. Re8+ Kd2 61. Ra8 d3 62. Ra2+ Ke3 63. Ra3 Ke2 64. Ra6 Rg7+ 0-1

[Event "Jakarta Telin op"]
[Site "Jakarta"]
[Date "2011.04.05"]
[Round "7"]
[White "Wahono, Awam"]
[Black "Halay, Taufik"]
[Result "1/2-1/2"]
[WhiteElo "2372"]
[BlackElo "2346"]
[PlyCount "126"]
[EventDate "2011.04.01"]
[EventType "swiss"]
[EventRounds "9"]
[EventCountry "INA"]
[SourceTitle "CBM 141 Extra"]
[Source "ChessBase"]
[SourceDate "2011.05.03"]
[SourceVersion "1"]
[SourceVersionDate "2011.05.03"]
[SourceQuality "1"]

1. Nf3 c5 2. g3 d5 3. Bg2 Nc6 4. 0-0 Nf6 5. d3 e6 6. Nbd2 Be7 7. e4 0-0 8. c3 b5 9. Qe2 Bb7 10. Rd1 Qb6 11. e5 Nd7 12. h4 a5 13. a4 Rfd8 14. Nf1 d4 15. axb5 Qxb5 16. c4 Qb6 17. N1h2 Qc7 18. Bf4 Rdb8 19. Ng4 Ra6 20. h5 Rb6 21. Rd2 Ba8 22. Re1 Qb7 23. h6 g6 24. Nf6+ Bxf6 25. exf6 Re8 26. Bd6 Qc8 27. Ng5 Nd8 28. Be7 Bxg2 29. Kxg2 Qc6+ 30. Kh2 Nb7 31. f4 Nd6 32. Qg4 Nf8 33. Qf3 Nf5 34. Qxc6 Rxc6 35. Ra1 Nxe7 36. fxe7 Rxe7 37. Rxa5 e5 38. Re2 f6 39. Nf3 Nd7 40. Ra7 Rce6 41. g4 Kf7 42. f5 Rb6 43. Kg3 Nf8 44. Ra5 Rb3 45. Ra3 Reb7 46. Nd2 Rxb2 47. Ne4 Rxe2 48. Nd6+ Ke7 49. Nxb7 gxf5 50. gxf5 Re3+ 51. Kf2 e4 52. Nxc5 exd3 53. Rxd3 Re5 54. Nb3 Rxf5+ 55. Ke2 Ne6 56. Nxd4 Nxd4+ 57. Rxd4 Rh5 58. Kd3 Rxh6 59. c5 Rh1 60. Ke4 h5 61. c6 Rc1 62. Kd5 Rc2 63. Rh4 Rd2+ 1/2-1/2

[Event "Dresden ZMD op"]
[Site "Dresden"]
[Date "2009.07.31"]
[Round "7"]
[White "Wahono, Awam"]
[Black "Sanikidze, Tornike"]
[Result "0-1"]
[WhiteElo "2399"]
[BlackElo "2559"]
[PlyCount "120"]
[EventDate "2009.07.25"]
[EventType "swiss"]
[EventRounds "9"]
[EventCountry "GER"]
[SourceTitle "CBM 131 Extra"]
[Source "ChessBase"]
[SourceDate "2009.09.03"]
[SourceVersion "2"]
[SourceVersionDate "2009.09.16"]
[SourceQuality "1"]

1. e4 c5 2. Nf3 d6 3. Bb5+ Nd7 4. 0-0 a6 5. Bxd7+ Bxd7 6. d4 cxd4 7. Qxd4 Rc8 8. Nc3 e5 9. Qd3 h6 10. a4 Nf6 11. Be3 Be7 12. a5 Bc6 13. Rfd1 Qd7 14. Ne1 0-0 15. f3 Kh8 16. b3 Nh5 17. Na4 Qe6 18. Nb6 Rcd8 19. Nd5 Bg5 20. c4 Bxd5 21. exd5 Bxe3+ 22. Qxe3 Qg6 23. Ra2 f5 24. b4 Rfe8 25. Nd3 e4 26. Nf4 Qg5 27. g3 exf3 28. Qxf3 Nxf4 29. Qxf4 Qxf4 30. gxf4 Re4 31. Rc2 Rxf4 32. c5 Rxb4 33. c6 Rc8 34. Re1 bxc6 35. dxc6 d5 36. Re5 Rc4 37. Rxc4 dxc4 38. Rc5 Rc7 39. Kf2 Kg8 40. Ke3 Kf7 41. Rxf5+ Ke6 42. Rc5 Kd6 43. Rxc4 Rxc6 44. Rb4 Kc5 45. Rb7 g5 46. Kf3 Rd6 47. h3 h5 48. Rh7 Rd3+ 49. Kg2 h4 50. Rf7 Rd5 51. Kf3 Kb4 52. Ke4 Rxa5 53. Ra7 Ra3 54. Kf5 a5 55. Kxg5 Rxh3 56. Kg4 Rh2 57. Kf3 a4 58. Ke3 a3 59. Rb7+ Kc3 60. Rc7+ Kb2 0-1

[Event "Dresden ZMD op"]
[Site "Dresden"]
[Date "2009.07.28"]
[Round "4"]
[White "Guenther, Thomas"]
[Black "Wahono, Awam"]
[Result "0-1"]
[WhiteElo "2139"]
[BlackElo "2399"]
[PlyCount "108"]
[EventDate "2009.07.25"]
[EventType "swiss"]
[EventRounds "9"]
[EventCountry "GER"]
[SourceTitle "CBM 131 Extra"]
[Source "ChessBase"]
[SourceDate "2009.09.03"]
[SourceVersion "2"]
[SourceVersionDate "2009.09.16"]
[SourceQuality "1"]

1. d4 c5 2. dxc5 e6 3. Nc3 Nf6 4. e4 Nc6 5. Bg5 Bxc5 6. Nh3 h6 7. Bh4 Bb4 8. Bd3 g5 9. Bg3 d5 10. exd5 Nxd5 11. 0-0 Nxc3 12. bxc3 Bxc3 13. Rb1 e5 14. Qh5 Qe7 15. Bc4 Qf6 16. Kh1 Qg6 17. Qxg6 fxg6 18. Rb3 Bd2 19. Ng1 Rh7 20. Rd1 Bf4 21. Bb5 Rd7 22. Re1 Re7 23. Nf3 Bd7 24. Bxf4 gxf4 25. Bxc6 Bxc6 26. Rxe5 Rxe5 27. Nxe5 0-0-0 28. h3 Rd1+ 29. Kh2 Rd2 30. Nxc6 bxc6 31. Rc3 Kc7 32. f3 a5 33. h4 Kd6 34. Kh3 c5 35. Kg4 Rxg2+ 36. Kxf4 g5+ 37. hxg5 Rxg5 38. Rd3+ Rd5 39. Rb3 Kc6 40. Ke3 Re5+ 41. Kd2 Re8 42. f4 h5 43. Rh3 Rh8 44. Ke3 Kd5 45. Kd3 c4+ 46. Ke3 h4 47. Kf3 Kd4 48. Kg4 Ke4 49. Kg5 Rg8+ 50. Kf6 Rf8+ 51. Ke6 Rxf4 52. Rc3 Rg4 53. Rxc4+ Kf3 54. Rc8 h3 0-1

[Event "Asian Continental op 08th"]
[Site "Subic Bay"]
[Date "2009.05.22"]
[Round "10"]
[White "Wahono, Awam"]
[Black "Mas, Hafizulhelmi"]
[Result "1-0"]
[WhiteElo "2391"]
[BlackElo "2421"]
[PlyCount "65"]
[EventDate "2009.05.13"]
[EventType "swiss"]
[EventRounds "11"]
[EventCountry "PHI"]
[SourceTitle "CBM 130 Extra"]
[Source "ChessBase"]
[SourceDate "2009.07.02"]
[SourceVersion "2"]
[SourceVersionDate "2009.07.15"]
[SourceQuality "1"]

1. e4 c5 2. Nf3 d6 3. Bb5+ Nd7 4. 0-0 Ngf6 5. Re1 e6 6. d4 a6 7. Bxd7+ Nxd7 8. b3 Qc7 9. Bb2 b5 10. a4 b4 11. Nbd2 Bb7 12. Nc4 a5 13. c3 Ba6 14. Nfd2 Rb8 15. cxb4 axb4 16. Qg4 h5 17. Qh3 Rh6 18. Rac1 Rc8 19. d5 e5 20. f4 Rd8 21. Nf3 Bxc4 22. Rxc4 Be7 23. fxe5 dxe5 24. Rf1 Bd6 25. Nh4 g6 26. Bc1 Rh7 27. Bg5 Nb6 28. Bxd8 Qxd8 29. Rc2 Qg5 30. a5 Nd7 31. a6 Ke7 32. a7 Rh8 33. Rcf2 1-0

[Event "Asian Continental op 08th"]
[Site "Subic Bay"]
[Date "2009.05.17"]
[Round "5"]
[White "Wang, Rui"]
[Black "Wahono, Awam"]
[Result "0-1"]
[WhiteElo "2434"]
[BlackElo "2391"]
[PlyCount "98"]
[EventDate "2009.05.13"]
[EventType "swiss"]
[EventRounds "11"]
[EventCountry "PHI"]
[SourceTitle "CBM 130 Extra"]
[Source "ChessBase"]
[SourceDate "2009.07.02"]
[SourceVersion "2"]
[SourceVersionDate "2009.07.15"]
[SourceQuality "1"]

1. d4 Nf6 2. c4 e6 3. Nc3 Bb4 4. e3 c5 5. Bd3 0-0 6. Nf3 b6 7. a3 Bxc3+ 8. bxc3 Bb7 9. 0-0 d6 10. Re1 Nc6 11. Bb2 e5 12. Nd2 Re8 13. Qc2 Qe7 14. f3 Na5 15. d5 Ba6 16. Kh1 Kh8 17. a4 Rg8 18. Bc1 Rae8 19. g4 g6 20. Kg2 e4 21. Nxe4 Nxe4 22. Bxe4 f5 23. Bd3 fxg4 24. f4 Qh4 25. Qf2 Qh3+ 26. Kg1 Bxc4 27. Bxc4 Nxc4 28. e4 Rgf8 29. Qg3 Qxg3+ 30. hxg3 Rf7 31. Ra2 Rfe7 32. Rae2 Kg8 33. Kf1 a6 34. Kf2 Kf7 35. Kf1 b5 36. axb5 axb5 37. Kg2 h5 38. Kf1 Kf6 39. Kg1 b4 40. cxb4 cxb4 41. e5+ Kf5 42. Re4 Rc8 43. Kf2 b3 44. R4e2 Rc5 45. exd6 Rxe2+ 46. Rxe2 Rxd5 47. Re8 Rxd6 48. Rc8 b2 49. Rc5+ Ke6 0-1